000 00766nam a2200217Ii 4500
003 JO-AjNU
008 230605s9999||||xx |||||||||||||| ||und||
017 _a2006/5/1235
040 _aJO-AjNU
_bara
_erda
_cJO-AjNU
041 _aara
050 1 4 _aBP136.6S83 2007
100 3 _aتاليف سهيل، صالح,
_eauthor
_924073
245 0 0 _aإيقاظ النبيل إلى الفرق بين التوثيق والتجهيل في مباحث الجرح والتعديل
250 _aط1
264 3 1 _aعمان: دار عمار للنشر والتوزيع، 2007
300 _a157ص
336 _atext
_btxt
_2rdacontent
337 _aunmediated
_bn
_2rdamedia
338 _avolume
_bnc
_2rdacarrier
650 4 _aالحديث - الجرح والتعديل -
_924074
999 _aA8808
_c12376
_d12376